Apokrifa: (Record no. 6945)

MARC details
000 -LEADER
fixed length control field 00425nam a2200157Ia 4500
003 - CONTROL NUMBER IDENTIFIER
control field GBCCL
005 - DATE AND TIME OF LATEST TRANSACTION
control field 20241126110615.0
008 - FIXED-LENGTH DATA ELEMENTS--GENERAL INFORMATION
fixed length control field 180704b ||||| |||| 00| 0 eng d
040 ## - CATALOGING SOURCE
Transcribing agency GBC
082 ## - DEWEY DECIMAL CLASSIFICATION NUMBER
Classification number VER 229
Item number APO
245 ## - TITLE STATEMENT
Title Apokrifa:
Remainder of title Deutero-canonical Bute an tih bawk chu
260 ## - PUBLICATION, DISTRIBUTION, ETC.
Date of publication, distribution, etc. 1989.
Place of publication, distribution, etc. Aizawl:
Name of publisher, distributor, etc. Synod Publication Board,
300 ## - PHYSICAL DESCRIPTION
Extent 323
Dimensions 18cm
650 ## - SUBJECT ADDED ENTRY--TOPICAL TERM
Topical term or geographic name entry element Bible
Form subdivision Apocrypha
9 (RLIN) 12373
942 ## - ADDED ENTRY ELEMENTS (KOHA)
Edition 1st Ed.
Source of classification or shelving scheme Dewey Decimal Classification
Koha item type Reference Books
Holdings
Withdrawn status Lost status Source of classification or shelving scheme Damaged status Not for loan Home library Current Library Shelving location Date acquired Total checkouts Full call number Barcode Date last seen Copy number Price effective from Koha item type
    Dewey Decimal Classification     GRACE BIBLE COLLEGE GRACE BIBLE COLLEGE Bible 2018-07-04   VER 229 APO 002110 2025-05-01 c.1 2018-07-04 Reference Books
© Grace Bible College Library 2025